[Event "Krynica zt"]
[Site "Krynica"]
[Date "1998.09.06"]
[Round "5"]
[White "Chatalbashev, Boris"]
[Black "Markowski, Tomasz"]
[Result "0-1"]
[WhiteElo "2535"]
[BlackElo "2525"]
[Annotator "Yudasin,L"]
[PlyCount "78"]
[EventDate "1998.09.02"]
[EventType "swiss"]
[EventRounds "9"]
[EventCountry "POL"]
[SourceTitle "CBM 067"]
[Source "ChessBase"]
[SourceDate "1998.11.30"]
[SourceVersion "2"]
[SourceVersionDate "1998.11.01"]
[SourceQuality "1"]

1. d4 d6 2. e4 Nf6 3. Nc3 g6 4. g3 Bg7 5. Bg2 O-O 6. Nge2 e5 7. h3 (7. O-O c6
8. a4) 7... c6 8. a4 a5 9. Be3 Qc7 (9... Na6 10. dxe5 dxe5 11. Qxd8 Rxd8 12.
Bb6 Re8 13. Bxa5 $6 Nd7 14. Nd1 Nac5 15. b4 (15. Bb4 Rxa4 $10) 15... b6 16.
Bxb6 Nxb6 17. bxc5 Rxa4) 10. O-O Na6 11. g4 (11. f4 Nb4 12. Qd2 Re8 13. Rad1
Be6 (13... b6 14. fxe5 $6 (14. g4 Ba6 15. Rf2 $13) 14... dxe5 15. dxe5 Nd7) 14.
b3 Qc8 15. Kh2 $36) 11... Nb4 12. Ng3 $6 (12. Qd2) 12... Nd7 13. Rc1 b6 14. f4
(14. Qd2 Ba6 15. Rfd1 Rad8 16. f4 $36) 14... Ba6 15. Rf2 $2 (15. Rf3 Nd3 16.
dxe5 Nxc1 17. exd6 Qb8 18. Bxc1) (15. Re1 Nd3 $4 (15... Rfe8 {/\cd4,Nd3!} 16.
dxe5 dxe5 17. f5 Bf8 18. Qf3 $13) 16. cxd3 exd4 17. Nb5 Bxb5 18. axb5 dxe3 19.
Rxc6) (15. Rf3 Rad8 $13) 15... exd4 16. Bxd4 Nd3 $1 17. Bxg7 $8 Nxf2 18. Qd4
Nxh3+ $1 (18... c5 19. Nd5 cxd4 20. Nxc7 Kxg7 21. Nxa8 Nxh3+ {-18...Nh3}) 19.
Bxh3 c5 20. Qd2 $5 (20. Nd5 cxd4 21. Nxc7 Kxg7 22. Nxa8 Rxa8 23. Rd1 Nc5 (23...
Rc8 24. Rxd4 Rxc2 25. Rxd6 $16) 24. Rxd4 Ne6 25. Rxd6 Nxf4 26. Bf1 Bxf1 27.
Kxf1 Rb8 $15) 20... Kxg7 21. g5 $1 (21. Nd5 Qd8 22. g5 Bb7 23. Bxd7 Bxd5) 21...
Bc4 22. b3 (22. Rd1 Rad8 23. Qxd6 Qxd6 24. Rxd6 Nb8 25. Rxb6 Rd2 $17) (22. e5
dxe5 23. Qxd7 Qxd7 24. Bxd7 Rad8 25. Bb5 Bxb5 26. axb5 exf4 27. Nge4 h6 $17)
22... Be6 23. f5 $2 (23. Nb5 Qc6 (23... Qd8 24. Bxe6 (24. f5 Ne5 25. Qf4 $146)
24... fxe6 25. Qxd6 (25. Nxd6 $13) 25... e5 $1 26. Rd1 Rf7 27. fxe5 Qxg5 28. e6
Ne5) 24. Bxe6 fxe6 25. Nxd6 $132) 23... Ne5 24. Rf1 c4 $1 25. Nb5 $2 (25. fxe6
Qc5+ 26. Kg2 fxe6 27. Bxe6 Rxf1 28. Nxf1 Rf8 $13) 25... Qc5+ 26. Kg2 Bd7 27.
Nxd6 Bc6 $17 28. Nxc4 $8 Nxc4 29. bxc4 Qe5 $1 30. Rf4 Rad8 31. Qf2 Rd4 $6 (
31... Qd4 $19) 32. fxg6 hxg6 33. Be6 $5 fxe6 34. Rxf8 Bxe4+ 35. Nxe4 (35. Kh2
Bf5) 35... Qxe4+ 36. Rf3 (36. Qf3 Qxf3+ 37. Rxf3 Rxc4 38. Rb3 Rxc2+ 39. Kf3 Rc6
40. Ke4 Kf7 41. Rf3+ Ke7 42. Rf6 Rc4+ 43. Ke3 Rxa4 $19) 36... Rxc4 37. Kh3 Qg4+
38. Kh2 Qxg5 $1 39. Rf7+ Kh6 {Yudasin} 0-1

[Event "Terres Catalanes 15th"]
[Site "Ampuriabrava"]
[Date "1997.09.25"]
[Round "9"]
[White "Pomes Marcet, Juan"]
[Black "Garcia Ilundain, David"]
[Result "1/2-1/2"]
[WhiteElo "2430"]
[BlackElo "2495"]
[Annotator "Yudasin,L"]
[PlyCount "42"]
[EventDate "1997.09.17"]
[EventType "tourn"]
[EventRounds "9"]
[EventCountry "ESP"]
[EventCategory "10"]
[SourceTitle "CBM 062"]
[Source "ChessBase"]
[SourceDate "1998.01.31"]
[SourceVersion "1"]
[SourceVersionDate "1998.01.31"]
[SourceQuality "1"]

1. d4 d6 2. e4 Nf6 3. Nc3 Nbd7 4. Be3 e5 5. d5 (5. Nge2 Ng4 6. Bc1 c6 7. a4 Be7
8. h3 Ngf6 9. g3 O-O 10. Bg2 b6 11. O-O a6 12. g4 Bb7 13. Ng3 exd4 14. Qxd4 d5
15. exd5 Nxd5 16. Nxd5 cxd5 17. Re1 Bc5 18. Qf4 f5 19. g5 g6 20. c3 b5 21. axb5
axb5 22. Rxa8 Qxa8 23. Be3 Qa7 24. Qc7 Rf7 25. Bxd5 Bxd5 26. Qxa7 Bxa7 27. Bxa7
Nf6 28. Bd4 Ne4 29. Nxe4 Bxe4 30. Ra1 b4 31. cxb4 Bf3 32. Kh2 Rd7 33. Bc3 Rd5
34. h4 Rd7 35. b5 Rb7 36. Ra5 Be2 37. Bd4 Rxb5 38. Ra8+ Kf7 39. Rh8 f4 40.
Rxh7+ Ke6 41. Rg7 Kf5 42. Kh3 Bf1+ 43. Kh2 Kg4 44. Rxg6 Rd5 45. Bc3 Rd1 46. Re6
Kxh4 47. g6 Kg5 48. g7 Bc4 49. Re8 {1-0 Chernin,A-Jansa,V/AUT-chT 1994/TD 94\03
}) (5. f3 $5) 5... Be7 6. f3 O-O 7. Qd2 c6 (7... c5 8. Nge2 Ne8 9. g4 a6 10.
Ng3 g6 11. a4 Ng7 12. Bd3 Nf6 13. Bh6 Kh8 14. h4 Ng8 15. Bg5 f6 16. Be3 h5 17.
gxh5 Nxh5 18. Nxh5 gxh5 19. Qg2 Qe8 20. Rg1 Qf7 21. Kd2 Bd7 22. a5 {Janos,
J-Matulik,D/SVK-chT3a 9697 1997/EXT 97/1-0 (63)}) 8. g4 $5 (8. O-O-O cxd5 9.
exd5 a6 10. g4 b5) 8... cxd5 9. exd5 a6 10. a4 b6 11. Bc4 Bb7 12. h4 (12. Nge2
e4 13. g5 exf3 14. gxf6 Bxf6 15. Ng3 Ne5 $44) (12. g5 Nh5 13. Nge2 {/\Ne4,/
\Ng3.Nf4.h4~~}) 12... Rc8 (12... b5 13. axb5 axb5 14. Rxa8 Qxa8 15. Bxb5 Rd8
$44) 13. b3 e4 $1 14. g5 $1 b5 $1 15. axb5 (15. gxf6 Bxf6 16. axb5 axb5 17. Ra7
bxc4 18. Rxb7 cxb3 19. Rxb3 Ne5 $44) 15... axb5 16. Nxb5 (16. gxf6 Bxf6 17. Ra7
Bxc3 18. Qxc3 Qc7 19. Bd4 $16) 16... Nh5 $44 17. f4 (17. Ra7 Ba8 18. f4 Ng3 19.
Rh3 Nf5 {/\Nb6}) 17... Ng3 18. Rh3 Nf5 19. Ra7 Rb8 (19... Ba8 $13) 20. Nd4 Nxe3
21. Qxe3 Nb6 {22NcPBc623.dc6Re8,Qe8~~} 1/2-1/2

[Event "ARG-ch"]
[Site "Buenos Aires"]
[Date "1998.04.19"]
[Round "4"]
[White "Hoffman, Alejandro"]
[Black "Szmetan, Jorge"]
[Result "1-0"]
[WhiteElo "2510"]
[BlackElo "2420"]
[Annotator "Yudasin,L"]
[PlyCount "59"]
[EventDate "1998.04.15"]
[EventType "tourn"]
[EventRounds "15"]
[EventCountry "ARG"]
[EventCategory "9"]
[SourceTitle "CBM 065"]
[Source "ChessBase"]
[SourceDate "1998.08.06"]
[SourceVersion "1"]
[SourceVersionDate "1998.08.06"]
[SourceQuality "1"]

1. d4 d6 2. e4 Nf6 3. Bd3 e5 4. c3 g6 (4... Nc6 $5) 5. Nf3 Nbd7 (5... Bg4) (
5... Nc6) 6. O-O Bg7 7. Re1 $14 O-O 8. Nbd2 (8. Na3 $5 Re8 9. Bg5) 8... Re8 (
8... b6 $5) 9. h3 (9. d5 $5) 9... a5 (9... d5 10. dxe5 Nxe5 11. Nxe5 Rxe5 12.
f4 Re8 13. e5 $16) (9... b6 $5) 10. a4 h6 (10... b6 11. d5 Nc5 12. Bb5 (12. Bc2
Ba6 13. Nf1 {/\b4}) 12... Bd7 13. Qc2 $14) 11. Nf1 Nh5 (11... d5 12. dxe5 Nxe5
(12... Nxe4 13. Bf4 Ndc5 14. Bc2 Ne6 15. Bh2 N6g5 $14) 13. Nxe5 Rxe5 14. f4 Re8
15. e5 Nd7 16. e6 $36) 12. Bc2 b6 (12... Nf4 13. Bxf4 exf4 14. Qd3 {/\N1-d2,
Bb3+/=} (14. Qd2 Qf6 (14... g5 15. Qd3) 15. N1h2 (15. e5 dxe5 16. dxe5 Nxe5 (
16... Qb6 17. Qxf4 Qxb2 18. e6 $40) 17. Nxe5 Rxe5 18. Rxe5 Qxe5 19. Re1 Qd6 $2
(19... Qf6 20. Re8+ Kh7 21. Qd8 $1 {/\Be4,/\Nd4-c4+/-}) 20. Qxd6 cxd6 21. Re8+
Kh7 22. Bb3 $18) 15... h5 16. h4 $13)) (12... Qf6 13. g3 Nf8 14. Kg2 Ne6 15.
Ne3 $1 Qd8 16. Ng4) 13. Be3 Bb7 14. d5 Nf8 (14... Nf4 15. Kh2) 15. Qd2 g5 $2 (
15... Kh7 16. g4 Qf6 17. Kg2 Nf4+ 18. Bxf4 exf4 (18... Qxf4 19. Qxf4 exf4 20.
Nd4 Kg8 21. h4 g5 22. h5 Nd7 23. Nb5 Rac8 24. Nd2 $14) 19. h4 $16) 16. Ng3 $1
Nf4 $2 (16... Nxg3 17. fxg3 {/\g4,Nh2-f1-g3,/\Rf1,h4}) 17. Nf5 Bc8 18. Kh2 $16
Bxf5 $2 (18... N8g6 19. g3 Ne7 20. Nxg7 Kxg7 21. gxf4 gxf4 22. Bxf4) (18...
N4g6 19. h4 f6 $16) 19. exf5 Nd7 20. g3 Qf6 (20... Nh5 21. h4 g4 22. Ng1 {
/\Bh6,Qe2}) 21. Qd1 e4 (21... Nh5 22. Nxg5 Nxg3 23. fxg3 hxg5 24. Qg4) 22. gxf4
exf3 (22... gxf4 23. Bd4) 23. Qxf3 $18 (23. fxg5 Qe5+ 24. Kh1 $18) 23... gxf4
24. Bxf4 Kh8 (24... Rxe1 $1 25. Rxe1 Kf8 26. Rg1 Re8 27. Kh1 $40 {/\Be3,/\Qh5})
25. Rg1 Ne5 26. Qh5 Rg8 27. Kh1 $1 (27. Bg5 Nf3+ 28. Qxf3 hxg5 29. Qh5+ Qh6 30.
Qxf7 Be5+ $13) 27... Bf8 28. Rxg8+ Kxg8 29. Rg1+ Kh8 30. Bg5 {Yudasin} 1-0

[Event "DEN-ch"]
[Site "Taastrup"]
[Date "1998.04.05"]
[Round "2"]
[White "Hansen, Sune Berg"]
[Black "Hoi, Carsten"]
[Result "1-0"]
[WhiteElo "2480"]
[BlackElo "2430"]
[Annotator "Yudasin,L"]
[PlyCount "99"]
[EventDate "1998.04.04"]
[EventType "tourn"]
[EventRounds "9"]
[EventCountry "DEN"]
[EventCategory "9"]
[SourceTitle "CBM 065"]
[Source "ChessBase"]
[SourceDate "1998.08.06"]
[SourceVersion "1"]
[SourceVersionDate "1998.08.06"]
[SourceQuality "1"]

1. e4 d6 2. d4 Nf6 3. Bd3 e5 4. c3 Be7 (4... d5 $5) 5. Nf3 Nbd7 (5... Nc6) 6.
O-O O-O 7. Re1 c6 (7... Re8 8. Nbd2 Bf8 9. Nf1 d5 $13) 8. Nbd2 Re8 9. a4 (9.
Nf1 Bf8 10. Ng3 g6) 9... a5 10. b3 $1 Qc7 11. Qc2 (11. Bb2 Bf8 12. c4 exd4 13.
Nxd4 Nc5 14. Bc2 Ng4 15. h3 Ne5 16. Nf1 g6 17. f4 Ned7 $14) 11... b6 12. Bb2
Bb7 13. h3 (13. c4 exd4 14. Nxd4 g6 15. Rad1 Bf8 $14) 13... Bf8 14. b4 $1 (14.
c4 exd4 15. Nxd4 Nc5 16. Bf1 Nfd7) 14... g6 15. dxe5 $6 (15. Qb3 $14) 15...
dxe5 $6 (15... Nxe5 16. Bf1 (16. Be2 Nxf3+ 17. Bxf3 Nd7 $10) (16. Nxe5 dxe5 17.
bxa5 Rxa5 $10) (16. Nd4 d5) 16... Nxf3+ 17. Nxf3 c5 $17) 16. Qb3 Bh6 17. Nc4 c5
(17... axb4 18. cxb4 b5 19. axb5 Rxa1 20. Bxa1 cxb5 21. Na5 $16) 18. bxa5 (18.
b5 $14) 18... bxa5 19. Qc2 Ba6 20. Rad1 Red8 21. Bf1 Bxc4 (21... Rab8 22. Ncxe5
(22. Nd6 $1 Bxf1 23. Kxf1 c4 24. Nb5 $36) 22... Nxe5 23. Bxa6 Nxf3+ 24. gxf3
Nh5 $146) 22. Bxc4 Nb6 23. Bb5 c4 24. Ba3 Bf8 (24... Ne8 25. Bxe8 Rxe8 26. Bd6
(26. Rb1 $1 $16 {/\Rb5}) 26... Qc6 27. Bxe5 Qxa4 28. Qxa4 (28. Qb1 Qb3 29. Qa1
Qb5 30. Bd4 Nd7 $13) 28... Nxa4 29. Bd4 Bf8 (29... Nb2 30. Ra1 Nd3 31. Re2 Nf4
32. Rea2 Rxe4 33. Rxa5 Rxa5 34. Rxa5 Ne2+ 35. Kf1 Nxd4 36. cxd4 c3 37. Rc5 Bd2)
30. Ne5 $13 Nb2 31. Rd2 Rxe5 32. Bxe5 Nd3 33. Rxd3 cxd3 34. Bd4 a4 $13) 25. Bc1
Nfd7 (25... Ne8 $5 {/\Nd6}) 26. Be3 Nc5 $2 (26... Bc5 $5 27. Bg5 f6 28. Bc1 Be7
29. h4 $13) 27. Nd2 Nd3 $2 (27... Ncd7 {/\Bc5}) 28. Bxb6 Qxb6 (28... Nxe1 29.
Bxc7 Nxc2 30. Bxd8 Rxd8 31. Bxc4 Rc8 32. Rc1 (32. Bd5 Rxc3 33. Nc4 $16) 32...
Na3 33. Bd5 Bh6 34. Rd1 Rxc3 35. Nb3 Nc4 $10) 29. Rf1 $16 Qf6 30. Nxc4 Nf4 31.
Kh2 h5 32. Rxd8 $2 (32. g3 Ne6 33. Ne3 $16 Ng5) 32... Rxd8 33. Rd1 Rxd1 34.
Qxd1 Bc5 $2 (34... Ne6 $132 {/\Bc5,Qf4}) 35. Qf3 h4 36. Nxa5 $18 Qd8 $6 37. Nc4
$6 (37. Nb7 Qb6 38. Nxc5 Qxc5 39. Qe3 Qa3 40. c4 $18) 37... Nd3 $5 38. Ne3 Nxf2
39. Bc4 (39. Qxf2 Qg5 40. Bc4 Qg3+ 41. Qxg3 hxg3+ 42. Kxg3 Bxe3 43. Bd5 Kg7 44.
a5 f6 45. Kf3 Bc5 46. h4 $18 {/\g4,h5}) 39... Bxe3 40. Qxe3 Nd1 (40... Qc7 41.
Bd5 Nd1 42. Qh6 Qd6 43. c4 Nc3 44. c5 Qf6 45. Qe3 $18) 41. Qf3 Qc7 42. Bb3 Nxc3
43. Qf6 Kf8 $2 (43... Qb7 44. Qxg6+ Kf8 45. Qh6+ (45. Qd6+ Kg8 46. Bd5 $18)
45... Kg8 46. Qg5+ Kf8 $132) 44. Qh8+ Ke7 45. Qxh4+ Kf8 46. Qh8+ Ke7 47. Qg7
Nxe4 48. Qxf7+ Kd8 49. Qg8+ Ke7 50. Qxg6 {Yudasin} 1-0

[Event "RUS-Cup01 Chigorin Memorial"]
[Site "St Petersburg"]
[Date "1997.11.03"]
[Round "3"]
[White "Shovunov, Baatr"]
[Black "Zakharevich, Igor"]
[Result "1/2-1/2"]
[WhiteElo "2330"]
[BlackElo "2515"]
[Annotator "Yudasin,L"]
[PlyCount "119"]
[EventDate "1997.11.01"]
[EventType "swiss"]
[EventRounds "9"]
[EventCountry "RUS"]
[SourceTitle "CBM 062"]
[Source "ChessBase"]
[SourceDate "1998.01.31"]
[SourceVersion "1"]
[SourceVersionDate "1998.01.31"]
[SourceQuality "1"]

1. e4 d6 2. d4 Nf6 3. Nc3 g6 4. g3 Bg7 5. Bg2 O-O 6. Nge2 e5 7. h3 c6 8. a4
exd4 (8... a5 9. O-O Na6 10. Be3 Nb4 11. Qd2) 9. Nxd4 Re8 10. O-O Na6 11. a5
Nb4 12. f4 (12. Ra4 c5 13. Ndb5 d5 14. Nxd5 Nfxd5 15. exd5 Bf5 16. Na3 Bd7)
12... a6 13. g4 h6 $1 14. Nde2 (14. Be3 c5 15. Nb3 Qc7 16. Nd2 Nfd5 $1) 14...
Qc7 15. Be3 c5 16. Qd2 (16. Bf2 {/\Ng3,g5}) 16... Bd7 17. Ng3 (17. Bf2 Bc6 18.
Ng3 Rad8 19. Rfe1 Rd7 20. g5 Nh7 21. Nd5 Nxd5 22. exd5 Rxe1+ 23. Rxe1 Bb5 24.
Re8+ Bf8 25. c4 Bxc4 26. gxh6 Bb5 27. Qc3 f6 28. Ne4 Re7 29. Nxf6+ Nxf6 30.
Rxf8+ Kxf8 31. Qxf6+ Kg8 32. Qxg6+ Kf8 33. Qf6+ Ke8 34. Qg6+ Kf8 35. Bh4 Rf7
36. Be4 Rxf4 37. Bf6 Rxf6 38. Qxf6+ Qf7 39. Qxd6+ Kg8 40. Qd8+ {1-0 Aseev,
K-Zakharevich,I/RUS-ch 1994/CBM 44/[Ftacnik]}) 17... Rad8 18. Rfe1 (18. Bf2 {
/\g5}) 18... Bc8 19. Bf2 (19. g5 hxg5 20. fxg5 Nd7) 19... Nh7 (19... b5 20.
axb6 Qxb6 {Bb7}) 20. Nf1 (20. Nd5 Nxd5 21. exd5 Bxb2 22. Rab1 Bg7) (20. Na4 Nc6
21. Nb6 Bxb2 22. Nd5 Qb8 23. Rab1 Bg7 $13) 20... g5 $5 21. Ne3 Be6 (21... gxf4
22. Ned5 Nxd5 23. Nxd5 Qb8 24. c3 $16) 22. f5 (22. Nf5 Bxf5 23. exf5 Rxe1+ 24.
Rxe1 d5 $13) 22... Bd7 23. Ncd5 Nxd5 24. Nxd5 Qb8 25. Rab1 (25. c3 Bc6 26. Bg3
Bxd5 27. exd5 Nf6 {/\Nd7-e5}) 25... Bc6 26. b4 Bxd5 27. exd5 (27. Qxd5 Bc3 28.
bxc5 dxc5 29. Qxc5 Bxe1 $13) 27... c4 $1 28. Bd4 $5 (28. c3 Rxe1+ 29. Rxe1 Re8
30. Kf1 Nf6 31. Bg3 Rxe1+ 32. Qxe1 Nd7 33. Qe7 Ne5 {/\Bf8}) 28... Rxe1+ 29.
Rxe1 Re8 30. Bxg7 Kxg7 31. Qd4+ Nf6 32. Rxe8 Qxe8 33. Kf2 Qa4 34. Qxc4 Qa1 (
34... Nd7 35. Qc7 Ne5 36. f6+) 35. Qd3 Nd7 $44 36. Qd2 Ne5 37. c3 $11 Qb1 38.
Bf1 Qe4 39. Be2 Qh1 40. Qe3 Qxd5 41. Bf3 Nxf3 42. Qxf3 Qd2+ 43. Kf1 Kf6 44.
Qxb7 Qxc3 45. b5 Qxh3+ 46. Kf2 Qh4+ 47. Kf1 Qh3+ 48. Kf2 Qh2+ 49. Ke1 Qe5+ 50.
Kf2 Qd4+ 51. Kf1 Qd1+ 52. Kf2 Qd2+ 53. Kf1 Qf4+ 54. Ke1 Qe3+ 55. Kf1 h5 56.
bxa6 hxg4 57. a7 Qc1+ 58. Ke2 Qc2+ 59. Ke3 Qc3+ 60. Ke2 1/2-1/2

[Event "RUS-Cup01 Chigorin Memorial"]
[Site "St Petersburg"]
[Date "1997.11.04"]
[Round "4"]
[White "Poluljahov, Aleksandr"]
[Black "Novgorodskij, Vladimir"]
[Result "0-1"]
[WhiteElo "2510"]
[BlackElo "2390"]
[Annotator "Yudasin,L"]
[PlyCount "82"]
[EventDate "1997.11.01"]
[EventType "swiss"]
[EventRounds "9"]
[EventCountry "RUS"]
[SourceTitle "CBM 062"]
[Source "ChessBase"]
[SourceDate "1998.01.31"]
[SourceVersion "1"]
[SourceVersionDate "1998.01.31"]
[SourceQuality "1"]

1. d4 d6 2. e4 Nf6 3. Bd3 g6 4. c3 Bg7 5. Nf3 O-O 6. O-O Nc6 7. Re1 (7. d5 $5)
7... e5 8. h3 Re8 9. Na3 (9. Bg5) (9. d5) 9... exd4 (9... a6 10. Bd2 h6 11. Rc1
Nh5 12. Nc2 Kh7 13. a3 Bd7 14. b4 Nf6 15. Rb1 Qc8 16. Bc4 Re7 17. d5 Nb8 18.
Bf1 c6 19. c4 b5 20. Rc1 bxc4 21. Ne3 Nxe4 22. Nxc4 cxd5 23. Nxd6 Qd8 24. Nxe4
{Smagin,S-Ivanov,T/Moscow3 1995/EXP 47/1-0 (49)}) (9... h6 10. Nc2 Bd7 11. Bd2
a5 12. b3 Nh5 13. Qc1 g5 14. Bf1 Qf6 15. dxe5 dxe5 16. Ne3 Nf4 17. Nd5 Nxd5 18.
exd5 Na7 19. Re3 e4 20. Nd4 Qd6 21. Qc2 Qxd5 22. Bc4 Qc5 23. Rxe4 b5 24. Bd3
Nc6 25. Rc1 Rxe4 26. Bxe4 Re8 27. Nf3 Ne5 28. Nd4 Nc6 29. Nf3 {- Rublevsky,
S-Krasenkow,M/Rubinstein mem 1996/CBM 55}) (9... d5 10. exd5 Nxd5 11. Bg5 f6
12. Bh4 exd4 13. Rxe8+ Qxe8 14. Bc4 Be6 15. Nxd4 Nxd4 16. Qxd4 f5 17. Qd2 c6
18. Re1 Qf7 19. Bxd5 cxd5 20. Nb5 d4 21. cxd4 Bxa2 22. Nc3 Bb3 23. Re7 Qc4 24.
Rxb7 {Kuporosov,V-Kirpichnikov,V/Pardubice op 1993/TD 93\07/1-0 (38)}) 10. cxd4
d5 $5 11. e5 Ne4 12. Nb5 (12. Bxe4 dxe4 13. Rxe4 Nxe5 14. Nxe5 Rxe5) 12... Bf5
13. Bf4 (13. Be3) 13... a6 14. Nc3 Nxc3 15. bxc3 Qd7 $2 (15... Bxd3 16. Qxd3
Qd7 {/\Nd8.e6}) 16. Bf1 $16 Na5 17. Qc1 (17. g4 Be6 18. Bg3 {/\Ng5,/\Nh4,f4})
17... Qa4 $2 (17... Rac8 {/\c5}) 18. g4 Be6 19. Bh6 Qd7 20. Nh4 c5 21. Bxg7
Kxg7 22. f4 $40 Qe7 23. Nf3 c4 (23... cxd4 24. Nxd4 {/\f5}) (23... Rac8 24. Bd3
$1 Qd7 25. Kf2 cxd4 26. f5 Rxc3 27. f6+ Kh8 28. Qh6 Rg8 29. Ng5) 24. Rb1 (24.
Qc2 f5) (24. Kh2 $5) 24... b5 25. Rb2 Nc6 26. Rg2 Kh8 27. f5 $1 Bd7 (27... gxf5
28. Qh6 fxg4 29. Ng5 f6 30. exf6 Qd7 31. f7) 28. Qh6 (28. Qf4 {/\e6.fe6.f6+/-})
28... Qf8 29. Qh4 Qg7 30. Ng5 (30. e6 fxe6 31. f6 Qf8 32. Ng5 h6 $13) 30... Nd8
31. Rf2 $4 gxf5 32. gxf5 Rg8 33. Rg2 Bxf5 34. e6 $2 (34. Re3 {/\Reg3}) 34...
fxe6 35. Nxe6 Nxe6 $1 36. Rxg7 Rxg7+ 37. Kh2 $2 (37. Kh1 Be4+ 38. Rxe4 dxe4 39.
Qxe4 Re8 $17) 37... Ng5 38. Bg2 Be4 39. Bxe4 $2 (39. Re3 $17) 39... dxe4 40.
Kh1 Rag8 41. Re3 Rg6 {42.Qf4Nf3/\Rg1,R8g2,42Qf2Nf3/\Rg1,R8g2,b4} 0-1

[Event "RUS-Cup01 Chigorin Memorial"]
[Site "St Petersburg"]
[Date "1997.11.01"]
[Round "1"]
[White "Sotsky, Alexander"]
[Black "Zakharevich, Igor"]
[Result "0-1"]
[WhiteElo "2305"]
[BlackElo "2515"]
[Annotator "Yudasin,L"]
[PlyCount "118"]
[EventDate "1997.11.01"]
[EventType "swiss"]
[EventRounds "9"]
[EventCountry "RUS"]
[SourceTitle "CBM 062"]
[Source "ChessBase"]
[SourceDate "1998.01.31"]
[SourceVersion "1"]
[SourceVersionDate "1998.01.31"]
[SourceQuality "1"]

1. e4 d6 2. d4 Nf6 3. Nc3 g6 4. g3 Bg7 5. Bg2 O-O 6. Nge2 e5 7. h3 c6 8. a4
exd4 9. Nxd4 Re8 10. O-O Na6 11. a5 Nb4 12. f4 a6 13. g4 h6 14. Be3 c5 15. Nde2
Qc7 16. Bf2 Bd7 17. Qd2 Bb5 $1 (17... Bc6 18. Ng3 Rad8 19. Rfe1 {/\Nd5}) (17...
Bc6 18. Ng3 {/\g5,/\Nd5}) 18. Rfe1 Bxe2 19. Rxe2 Nc6 20. g5 (20. Nd5 Nxd5 21.
exd5 Rxe2 22. Qxe2 Nxa5 23. Be1 b6 24. Bxa5 Bxb2 $1 $17) 20... hxg5 21. e5 $5 (
21. fxg5 Nd7 22. Nd5 Qd8 {b2,a5,/\Nc-e5-c4} 23. c3) 21... dxe5 22. fxg5 Nh5 $1
(22... Nd7 23. Nd5 Qd8 24. Rd1 $44) 23. Nd5 Qc8 $1 (23... Qd8 24. Bxc5 Nf4 25.
Nxf4 Qxd2 26. Rxd2 exf4 27. c3 Re5 28. Bd6 Rxg5 29. Bxf4 Rxa5 30. Rxa5 Nxa5 31.
Rd7 $16) 24. Bxc5 (24. Nb6 Qf5 25. Nxa8 Rxa8 {/\Nd4,Nf4©}) 24... Qf5 25. Ra3 $2
(25. Rf1 Nf4 26. Nxf4 exf4 27. Rxe8+ Rxe8 28. b4 Qxg5 29. Qxf4 Qxf4 30. Rxf4
$16) 25... Nf4 26. Rf2 Qxg5 27. c4 (27. Bb6 Bh6) (27. Nxf4 exf4 28. Qxf4 Qxc5
29. Qxf7+ Kh7 30. Rg3 Ne5) (27. Bb6) 27... Qh4 (27... Rad8 28. Bb6 Rd6 $5) 28.
Raf3 (28. Nxf4 exf4 29. Rxf4 Re1+ 30. Bf1 Qg5+ 31. Kh1 Rae8 $17) 28... Nxg2 29.
Kxg2 (29. Rxf7 Nf4 30. Nxf4 exf4 31. Qd7 Re1+) 29... f5 $19 30. b3 e4 31. Rg3
Kh7 32. Rf4 (32. Nf4 g5 33. Nd5 f4 34. Rg4 Qh5 {/\f3,e3}) 32... Qh6 (32... Qh5)
33. Be3 Qh5 34. h4 Ne5 $1 35. Rg5 Qh6 36. Bd4 $6 (36. Rxe4 fxe4 37. Rxe5 Qxh4)
36... Nf3 37. Bxg7 Qxg7 38. Qe3 Re6 39. Kf2 $2 (39. Rg3 Qb2+ 40. Qf2 Qxf2+ 41.
Kxf2 Rf8 $19) 39... Qb2+ 40. Qe2 Qxe2+ 41. Kxe2 Nxg5 42. hxg5 $8 (42. Nc7 Rc8)
42... Kg7 $6 (42... Rd8) 43. Nc7 Rae8 44. Nxe6+ $2 (44. Rf1 $132 {/\Rd1} R8e7
$2 (44... Kf7 45. Rh1 R8e7 46. Ke3 Rxc7 47. Rh7+ Ke8 48. Rxc7 f4+ 49. Ke2 e3
$19) 45. Nxe6+ Rxe6 46. Rd1 f4 47. Rd7+ Kf8 48. Rxb7 e3 49. Rb6) 44... Rxe6 45.
Rf1 Rd6 46. Rc1 Rd3 47. b4 Rb3 48. b5 axb5 49. c5 (49. cxb5 Rxb5 50. Rc7+ Kf8
51. Ke3 Rxa5 52. Rxb7 Ra3+ 53. Kf4 Rf3+ 54. Ke5 e3 55. Kf6 Ke8 56. Ke6 Kd8 57.
Kd6 Kc8 $19) 49... Ra3 50. Rd1 Kf7 51. Rd7+ Ke6 52. Rxb7 Rxa5 53. Rb6+ Ke5 54.
c6 (54. Rxg6 Ra2+ 55. Ke1 f4 56. Rf6 e3 57. c6 Ke4 58. c7 f3 $19) 54... Ra2+
55. Kd1 Kd6 56. c7+ Kxc7 57. Rxg6 Rg2 58. Rg8 Kd6 59. g6 Ke5 0-1

[Event "DEN-ch"]
[Site "Taastrup"]
[Date "1998.04.04"]
[Round "1"]
[White "Borge, Nikolaj"]
[Black "Sahl, Bjarke"]
[Result "1-0"]
[WhiteElo "2390"]
[BlackElo "2430"]
[Annotator "Yudasin,L"]
[PlyCount "71"]
[EventDate "1998.04.04"]
[EventType "tourn"]
[EventRounds "9"]
[EventCountry "DEN"]
[EventCategory "9"]
[SourceTitle "CBM 065"]
[Source "ChessBase"]
[SourceDate "1998.08.06"]
[SourceVersion "1"]
[SourceVersionDate "1998.08.06"]
[SourceQuality "1"]

1. e4 d6 2. d4 Nf6 3. Nc3 g6 4. Be3 Bg7 5. Qd2 Nc6 6. h3 (6. d5 Ne5 7. h3 c6 8.
f4 Ned7 9. Nf3 O-O 10. Be2 Qc7 11. O-O Nc5 12. e5 $2 (12. Bxc5 dxc5 13. dxc6
Qxc6 14. e5 Ne4 15. Nxe4 Qxe4 16. Bd3 Qc6 17. Rae1 Rd8 $10) 12... Nfe4 13. Nxe4
Nxe4 14. Qd4 cxd5 15. Qxd5 Ng3) 6... e5 7. d5 Ne7 (7... Nd4 8. Bxd4 exd4 9.
Qxd4 O-O 10. Qd3 Re8 11. O-O-O a6 $146) 8. g4 h5 (8... c6 9. g5 Nh5 10. dxc6
bxc6 11. O-O-O) 9. g5 Nh7 10. Bb5+ Bd7 (10... c6 11. dxc6 bxc6 12. Ba4 {/\000}
Be6) 11. Bxd7+ Qxd7 12. h4 c5 $1 (12... f5 13. gxf6 Nxf6 14. O-O-O Ng4 15. Bg5
{/\f3}) (12... O-O-O 13. O-O-O a6 14. Nge2 f5 15. gxf6 Nxf6 16. f3 c6 17. Na4
Kb8 18. Nb6 Qc7 19. dxc6 Qxc6 20. Nc3) 13. O-O-O (13. a4 O-O 14. f4 Qg4 $132)
13... b5 14. Nce2 b4 (14... f5 15. gxf6 Nxf6 16. f3 {/\Nh3-g5-e6}) 15. Qd3 O-O
16. Nf3 f5 $1 17. gxf6 Nxf6 18. Ng5 Ng4 19. Ne6 $1 (19. f3 c4 20. Qd2 c3 $40
21. Qxc3) 19... Rf6 $2 (19... Rf3 20. Nxg7 (20. Rdf1 Bh6 21. Kb1 Nxe3 22. fxe3
Rxe3 23. Qc4 (23. Qd2 $1 $13) 23... a6 $1 $17) 20... Nxf2) 20. Rdf1 Rc8 21. c4
$1 bxc3 22. Nxc3 Rb8 23. Qe2 Qb7 $2 (23... Nxe3 24. fxe3 $36 {Ne7,Kg8,}) 24.
Bg5 Rf7 25. f3 Nf6 26. Kb1 $16 Kh7 27. Bc1 Kh8 (27... Bh6 $2 28. Bxh6 Kxh6 29.
Qd2+ Kh7 30. Ng5+) 28. Rhg1 Nfg8 29. f4 $1 exf4 30. Nxg7 Kxg7 31. Qxh5 $18 Nf6
32. Qf3 Nd7 33. h5 $40 Ne5 34. Qh3 Rh8 (34... Qd7 35. Qxd7 (35. Qh4 Rh8 36.
Bxf4) 35... Nxd7 36. Rxf4 $18) 35. Bxf4 Nc4 36. b3 {36...Qb4 37.Bc1 /\Qe6
Yudasin} 1-0